000 00370cam a2200145ua 4500
041 _aeng
_h
082 _a828.09
_bROS/WH
100 _aRosenhiem, Edward W .
245 _aWhat happens in literature /
_cEdward W Rosenhiem.
_hTextual Documents
260 _aChicago :
_bPhoenix books ,
_c1961.
300 _a163 ; .
504 _a
942 _cBK
999 _c5315
_d5315